000 00500nam a2200193Ia 4500
003 OSt
005 20250808143823.0
008 210210b2003 xxu||||| |||| 00| 0 eng d
040 _cAL
041 _aKannada
082 _aK894.1 ANAN
100 _aANANDA VI PATILA.
_dಆನಂದ ವಿ ಪಾಟೀಲ
_9234719
245 _aNamana.
_bನಮನ
260 _aBengaluru
_bAbhinava Prakashana
_c2003
300 _a56
690 _aKannada Poetry
_9234720
906 _aSG04081
942 _2ddc
_cBK
999 _c114898
_d114898